| 000 | 00785nam a2200265Ia 4500 | ||
|---|---|---|---|
| 003 | OSt | ||
| 005 | 20221006160224.0 | ||
| 006 | a|||||r|||| 00| 0 | ||
| 007 | ta | ||
| 008 | 221006b |||||||| |||| 00| 0 eng d | ||
| 020 |
_a9788991857254 _c17.50 |
||
| 024 | _a44,655 | ||
| 037 |
_bGift, Window on Korea _cTextual |
||
| 040 |
_aEASL _cEASL _beng |
||
| 041 |
_2eng _aeng |
||
| 082 | _aO495,30aQ4, Q2 | ||
| 100 |
_aDaehaeng Seon master _9672489 |
||
| 245 | 0 |
_aMy heart is a golden Buddha _b Buddhist stories from Korea |
|
| 260 |
_aSeoul _bHanmaum Seonwon Foundation Korea _c2005 |
||
| 300 |
_a212p. _ccm. |
||
| 490 | _v KEL | ||
| 650 | _aKEL | ||
| 942 |
_hO495,30aQ4, Q2 _cTEXL _2CC |
||
| 999 |
_c1112747 _d1112747 |
||